000 00919nam a2200217 i 4500
001 164600
003 ES-MaACL
005 20230910195724.0
008 931025s1889 sp |||| | spa d
040 _aAS
_bspa
_cPAB
100 1 _aSánchez Pérez, Antonio.
_9102840
245 1 0 _aRamón de Campoamor
_b: estudio crítico-biográfico /
_cpor Antonio Sánchez Pérez.
260 _aMadrid :
_b[s.n.],
_c1889 (
_fEst. Tip. de Ricardo Fé)
300 _a40 p., [1] h. de lám. ;
_c18 cm.
490 1 _aCelebridades españoles contemporáneas
599 _aLa h. de lám. es un grab. calc., retrato de Ramón de Campoamor.
600 1 4 _aCampoamor, Ramón de,
_d1817-1901
_934232
830 0 _aCelebridades españoles contemporáneas
_9222360
852 _aES-MaACL
_jL-4899(6-5)
_z-- Enc. hol.
_z-- Donativo Roda
_x-- Edic.: En la antep. consta como número de la serie el 2
999 _c164600
_d164600